| 000 | 00483nam a2200169Ia 4500 | ||
|---|---|---|---|
| 008 | 230917s9999||||xx |||||||||||||| ||und|| | ||
| 020 | _cGBP32.99 | ||
| 040 |
_e241363 _aMAIN |
||
| 041 | _aEnglish | ||
| 082 | _a616.89 S12P | ||
| 100 | _aSlade, Mike | ||
| 245 | 0 | _aPositive psychotherapy for psychosis: A clinician's guide and manual | |
| 260 |
_aLondon _bRoutledge _c2017 |
||
| 300 | _axiv, 218 p. | ||
| 500 | _a2797 27/07/2017 APD17/1058554 28/07/2017 Main Budget | ||
| 942 | _cBK | ||
| 999 |
_c23339 _d23339 |
||